000 00374nam a22001577a 4500
005 20200601105520.0
008 200601b xxu||||| |||| 00| 0 eng d
041 _aeng
082 _a340
100 _aBARE ACT
_95744
245 _aTHE INSURANCE ACT 1938 (4 OF 1938)
260 _aDELHI
_bPROFESSION BOOK PUBLISHERS
300 _a370;p
650 _aLAW
_95701
942 _cBK
999 _c6763
_d6761